000 00419nab a2200145Ia 4500
003 ES-SlBCS
005 20210601134619.0
008 140529s1999 xxu||||| |||| 00| 0 spa d
041 _aspa
100 1 _aGarcía, Gilberto
_9220418
245 0 0 _aAntropología de la fragmentación
_c Gilberto García
650 0 4 _aAntropología
_915907
773 0 _tAnthropos
_gvol. 20, nº. 38, 1999, págs. 25-46
_wRev38
942 _cAR
999 _c615291
_d615291